000 00658nam a22002537a 4500
003 UA-OsUOA
001 31092
007 ta
008 20041201b un ||||| |||| 00| 0 ukr d
100 _aГалкина Т. П.
090 _a316.354:351
_bГ16
942 _cBK
040 _aUA-OsUOA
_brus
_cUA-OsUOA
_dUA-OsUOA
245 _aСоциология управления: от групы к команде
300 _a224 с.
955 _a0
041 _arus
080 _a316.354:351
020 _a5-292-02109-1
260 _aМосква
_bФинансы и статистикка
_c2004
044 _aRU
650 7 _2UDC
999 _c317513
_d317513